Fr. Conceicao Rodrigues College of Engineering

Electrical Engg. (Record no. 25877)

MARC details
000 -LEADER
fixed length control field 00294nam a2200133Ia 4500
100 ## - MAIN ENTRY--PERSONAL NAME
Personal name Thatte/ V.N.
245 ## - TITLE STATEMENT
Title Electrical Engg.
260 ## - PUBLICATION, DISTRIBUTION, ETC.
Name of publisher, distributor, etc. Vrinda pub.
Place of publication, distribution, etc. Jalgaon
Date of publication, distribution, etc. 1989
546 ## - LANGUAGE NOTE
Language note ENGLISH
650 ## - SUBJECT ADDED ENTRY--TOPICAL TERM
Topical term or geographic name entry element Electrical Engineering
654 ## - SUBJECT ADDED ENTRY--FACETED TOPICAL TERMS
Focus term Electrical engg.
942 ## - ADDED ENTRY ELEMENTS (KOHA)
Koha item type BOOK
Holdings
Withdrawn status Lost status Damaged status Not for loan Collection Home library Current library Shelving location Date acquired Total Checkouts Full call number Barcode Date last seen Price effective from Koha item type
        AFT Fr. Agnel's C.Rodrigues College of Engineering Fr. Agnel's C.Rodrigues College of Engineering   17/03/2023   AFT6354 17/03/2023 17/03/2023 BOOK
        AFT Fr. Agnel's C.Rodrigues College of Engineering Fr. Agnel's C.Rodrigues College of Engineering   17/03/2023   AFT6355 17/03/2023 17/03/2023 BOOK